书目信息 |
| 题名: |
清华学子数理化高考笔记
|
|
| 作者: | 李玮琳 , 刘若晴 编著 | |
| 分册: | 化 | |
| 出版信息: | 长春 吉林教育出版社 2019 |
|
| 页数: | 90页 | |
| 开本: | 26cm | |
| 丛书名: | ||
| 单 册: | ||
| 中图分类: | G634.73 | |
| 科图分类: | ||
| 主题词: | 理科(教育)--课程--高中--升学参考资料 | |
| 电子资源: | ||
| ISBN: | 978-7-5553-6961-5 | |
| 000 | 00962nam0 2200241 45 | |
| 001 | 012001004922 | |
| 005 | 20121205161656.0 | |
| 010 | @a978-7-5553-6961-5@dCNY46.00 | |
| 100 | @a20190321d2019 em y0chiy0110 ea | |
| 101 | 0 | @achi |
| 102 | @aCN@b220000 | |
| 105 | @ay z 000yy | |
| 106 | @ar | |
| 200 | 1 | @a清华学子数理化高考笔记@Aqing hua xue zi shu li hua gao kao bi ji@h化@f李玮琳,刘若晴编著@FLi Wei Lin, Liu Ruo Qing Bian Zhu@PLWLLRQBZ |
| 210 | @a长春@c吉林教育出版社@d2019 | |
| 215 | @a90页@d26cm | |
| 330 | @a本书为清华学子的高考数理化笔记手稿,书中囊括了高中数理化各科的知识点,记录和整理了很多值得参考的学习路径、重点、难点和心得。该书内容上系统完整、细致入微、逻辑严密。适用于正在备考的高三学子,是学生学习的好帮手。 | |
| 606 | 0 | @a理科(教育)@x课程@x高中@x升学参考资料 |
| 690 | @aG634.73@v5 | |
| 701 | 0 | @a李玮琳@Ali wei lin@4编著 |
| 701 | 0 | @a刘若晴@Aliu ruo qing@4编著 |
| 801 | @b江苏凤凰@c20191020 | |
| 905 | @b1224309-12@dG634.73@e1684@f4 | |
| 清华学子数理化高考笔记.化/李玮琳,刘若晴编著.-长春:吉林教育出版社,2019 |
| 90页;26cm |
| ISBN 978-7-5553-6961-5:CNY46.00 |
| 本书为清华学子的高考数理化笔记手稿,书中囊括了高中数理化各科的知识点,记录和整理了很多值得参考的学习路径、重点、难点和心得。该书内容上系统完整、细致入微、逻辑严密。适用于正在备考的高三学子,是学生学习的好帮手。 |
| ● |
| 相关链接 |
|
|
|
|
正题名:清华学子数理化高考笔记
索取号:G634.73/1684
 
预约/预借
| 序号 | 登录号 | 条形码 | 馆藏地/架位号 | 状态 | 备注 |
| 1 | 1224309 | 212243099 | 第一样本阅览室/ [索取号:G634.73/1684] | 在馆 | |
| 2 | 1224310 | 212243106 | 教育系资料室/ [索取号:G634.73/1684] | 在馆 | |
| 3 | 1224311 | 212243115 | 教育系资料室/ [索取号:G634.73/1684] | 在馆 | |
| 4 | 1224312 | 212243124 | 第四借阅区/ [索取号:G634.73/1684] | 在馆 |